Miasta graniczące z Katowicami - Statystyki

Ogólne statystyki
  • Ten quiz został rozwiązany 404 razy
  • Średni wynik to 6 z 9
Statystyki odpowiedzi
Liczba ludności Miasto % Poprawnych
204 013 Sosnowiec
91%
107 963 Chorzów
86%
128 211 Tychy
77%
140 098 Ruda Śląska
74%
74 647 Mysłowice
73%
68 011 Siemianowice Śląskie
64%
40 813 Mikołów
57%
32 225 Czeladź
46%
16 807 Lędziny
33%
Nie znaleziono quizów pasujących do podanych kryteriów
Rozkład punktacji
Procent ludzi z każdym wynikiem
Percentyl według liczby udzielonych odpowiedzi
Twoja historia wyników
Nie rozwiązałeś tego quizu